000 03554cam a2200301 4500500
005 20251228065206.0
041 _afre
042 _adc
100 1 0 _aDanet, François
_eauthor
245 0 0 _aFumer n'est pas jouer. Chronique d'une zone fumeur dans un service d'urgence
260 _c2007.
500 _a9
520 _aRésuméAlors que les services d’urgence avaient été initialement créés pour accueillir des pathologies aiguës et graves, seulement 2 % des situations cliniques que ces services accueillent répondent à cette définition. L’objet de cet article est l’étude d’une zone caractéristique de l’architecture composite des services d’urgence, dénommée « coin fumeur », où se déroulent des échanges entre patients, forces de l’ordre, personnels médicaux et paramédicaux de l’urgence. Cette étude met en évidence la communauté de symptômes entre usagers et soignants, les seconds réagissant en miroir à la violence des premiers, au sein d’une dynamique préjudiciable au déroulement des soins. Elle dégage également les potentielles propriétés thérapeutiques de l’espace interstitiel « coin fumeur », supprimé par les urgentistes au motif de l’application de la loi Evin.
520 _aWhen emergency rooms were initially created for the admission of acute and serious pathologies, only 2 % of clinical situations encountered reply to this definition. The object of this article is to study a specific area of the composite architecture of emergency rooms, named “smoking-area”, where exchanges between patients, police forces, medical and paramedical personal take place. This study shows the community of symptoms between users and medical staff. In a dynamic that is prejudicial to the process of care, medical staff reacts in mirror to violence of users. This study also identifies potential therapeutic properties of the interstitial space named “smoking-area” that was suppressed by emergency staff in order to apply the “Loi Evin” (Evin’s law).
520 _aResumenSi bien los servicios de urgencias fueron inicialmente creados para acoger personas con patologías agudas y graves, solamente en el dos por ciento de las situaciones clínicas que estos servicios reciben, responden a esta definición. El objetivo de este artículo es el estudio de una zona característica de la arquitectura de los servicios llamada « rincón de fumadores » en la cual se desarrollan intercambios entre pacientes, fuerzas del orden, personal médico y paramédico de urgencias. Este estudio pone en evidencia los síntomas en común entre los usuarios y el personal hospitalario, si bien estos reaccionan como en un espejo frente a la violencia de los primeros, en el marco de una dinámica que perjudica en buen desarrollo de los cuidados médicos. Esta situación desencadena también las potenciales propiedades terapéuticas del espacio intersticial del « rincón de fumadores », que fuera suprimido por los urgentistas ante la expedición de la Ley Evin que prohíbe fumar en todo recinto público.
690 _aanalyse transitionnelle
690 _acrise
690 _aloi Evin
690 _aservices d'urgence
690 _atabac
690 _a“Loi Evin”
690 _acrisis
690 _aemergency room
690 _atobacco
690 _atransitional analysis
786 0 _nTravailler | 18 | 2 | 2007-09-01 | p. 137-158 | 1620-5340
856 4 1 _uhttps://shs.cairn.info/revue-travailler-2007-2-page-137?lang=fr&redirect-ssocas=7080
999 _c1590928
_d1590928